| 000 | 01233nam0a2200337 4500 | ||
|---|---|---|---|
| 001 | RU\NLR\bibl\327266 | ||
| 005 | 20250621144005.0 | ||
| 010 |
_a5-89173-128-2 _bВ пер. _97000 |
||
| 021 |
_aRU _b2002-36667 _91789 |
||
| 035 | _a(NLR Aleph) 000322258 | ||
| 090 |
_a104685 _c104685 |
||
| 100 | _a20021016d2002 |||y0rusy50 ca | ||
| 101 | 1 |
_arus _cfre |
|
| 102 | _aRU | ||
| 105 | _aa ||||||||| | ||
| 200 | 1 |
_aВоенная униформа _eВсе страны мира _e[Появление и развитие воен. униформы _fКанник Пребен _gПер. с фр. С.В. Пожилкиной] |
|
| 210 |
_aСПб. _cПолигон _d2002 |
||
| 215 |
_a384 с. _cил. _d21 |
||
| 300 | _aАвт. указан на обороте тит.л. | ||
| 606 | 0 |
_aВоенное обмундирование _xИстория _92265958 _3RU\NLR\auth\661358368 |
|
| 610 | 0 | _aВоенная одежда - История | |
| 675 |
_a355.141(100) _v3 _zrus |
||
| 686 |
_a68.49 _2rubbk |
||
| 686 | _aЦ4,5(0)243.6г | ||
| 700 | 1 |
_aКанник _bП. _gПребен _4070 |
|
| 801 | 0 |
_aRU _bRKP _c20021016 _gPSBO |
|
| 801 | 1 |
_aRU _bRKP _c20021016 |
|
| 801 | 2 |
_aRU _bNLR _c20021128 _grcr |
|
| 942 | _cBOOK | ||
| 980 | _aNB | ||